Statistics for Five Healthiest Countries by Continent

Click here to take the quiz!

General Stats

  • This quiz has been taken 48 times
  • The average score is 19 of 24

Answer Stats

ContinentCountry% Correct
North AmericaCanada
100%
OceaniaAustralia
98%
AsiaJapan
98%
AsiaSouth Korea
98%
EuropeSweden
98%
North AmericaUnited States
98%
OceaniaNew Zealand
96%
AfricaEgypt
91%
South AmericaChile
89%
AfricaSouth Africa
87%
EuropeIceland
82%
EuropeItaly
82%
EuropeSwitzerland
82%
AfricaAlgeria
80%
EuropeSpain
80%
AfricaTunisia
80%
North AmericaCuba
78%
South AmericaParaguay
78%
AsiaSingapore
71%
North AmericaCosta Rica
67%
North AmericaPanama
58%
AsiaBahrain
47%
AfricaNigeria
36%
AsiaCyprus
31%

Score Distribution

Percentile by Number Answered

Percent of People with Each Score

Your Score History

You have not taken this quiz